Το ελληνικό γενικό λογιστικό σχέδιο : ανάλυση και ερμηνεία της γενικής και αναλυτικής λογιστικής
Αποθηκεύτηκε σε:
| Κύριος συγγραφέας: | |
|---|---|
| Μορφή: | Βιβλίο |
| Γλώσσα: | Greek |
| Δημοσίευση: |
[Αθήνα] :
ΒΡΥΚΟΥΣ,
[19--]
|
| Έκδοση: | 3η έκδ. |
| Θέματα: | |
| Ετικέτες: |
Προσθήκη ετικέτας
Δεν υπάρχουν, Καταχωρήστε ετικέτα πρώτοι!
|
MARC
| LEADER | 00000cam a2200000 i 4500 | ||
|---|---|---|---|
| 001 | 1/56995 | ||
| 008 | 980508s gre d | ||
| 035 | |l 10028117 | ||
| 040 | |a GR-MY-UA |b gre |e aacr | ||
| 041 | 0 | |a gre | |
| 082 | 0 | |a 657.09495 | |
| 100 | 1 | |a Σακέλλης, Εμμανουήλ Ι. | |
| 245 | 1 | 3 | |a Το ελληνικό γενικό λογιστικό σχέδιο : |b ανάλυση και ερμηνεία της γενικής και αναλυτικής λογιστικής / |c Εμμανουήλ Ι. Σάκελλης |
| 250 | |a 3η έκδ. | ||
| 260 | |a [Αθήνα] : |b ΒΡΥΚΟΥΣ, |c [19--] | ||
| 300 | |a 2 τ. (τ.1: 652 σ.) | ||
| 500 | |a Σε συνδυασμό με τις παραδεγμένες αρχές λογιστικής - κοστολόγησης και την ισχύουσα εμπορική και φορολογική νομοθεσία (Ν. 2065/1992 - νομοθεσία και λογιστική του Φ.Π.Α.) | ||
| 650 | 0 | 0 | |a Accounting |z Greece. |
| 852 | |a INST |b CHIOS |e 19980622 |h 657.09495 ΣΑΚ |p 005200016466 |q 005200016466 |t BK |y 0 |z τ.2 | ||
| 852 | |a INST |b CHIOS |e 19980508 |h 657.09495 ΣΑΚ |p 005200016560 |q 005200016560 |t BK |y 0 |z τ.2 | ||
| 852 | |a INST |b CHIOS |e 19980508 |h 657.09495 ΣΑΚ |p 005200016561 |q 005200016561 |t BK |y 0 |z τ.1 | ||
| 852 | |a INST |b CHIOS |e 19980508 |h 657.09495 ΣΑΚ |p 005200016562 |q 005200016562 |t BK |y 0 |z τ.1 | ||
| 852 | |a INST |b CHIOS |e 19980508 |h 657.09495 ΣΑΚ |p 005200016563 |q 005200016563 |t BK |y 0 |z τ.2 | ||
| 852 | |a INST |b CHIOS |e 19980508 |h 657.09495 ΣΑΚ |p 005200016564 |q 005200016564 |t BK |y 0 |z τ.2 | ||
| 852 | |a INST |b CHIOS |e 20000331 |h 657.09495 ΣΑΚ |p 005200017860 |q 005200017860 |t BK |y 0 |z τ.1 | ||
| 852 | |a INST |b CHIOS |e 19980622 |h 657.09495 ΣΑΚ |p 005200016466 |q 005200016466 |t BK |v τ.2: |y 0 |z τ.2 | ||
| 852 | |a INST |b CHIOS |e 19980508 |h 657.09495 ΣΑΚ |p 005200016560 |q 005200016560 |t BK |v τ.2: |y 0 |z τ.2 | ||
| 852 | |a INST |b CHIOS |e 19980508 |h 657.09495 ΣΑΚ |p 005200016561 |q 005200016561 |t BK |v τ.1: |y 0 |z τ.1 | ||
| 852 | |a INST |b CHIOS |e 19980508 |h 657.09495 ΣΑΚ |p 005200016562 |q 005200016562 |t BK |v τ.1: |y 0 |z τ.1 | ||
| 852 | |a INST |b CHIOS |e 19980508 |h 657.09495 ΣΑΚ |p 005200016563 |q 005200016563 |t BK |v τ.2: |y 0 |z τ.2 | ||
| 852 | |a INST |b CHIOS |e 19980508 |h 657.09495 ΣΑΚ |p 005200016564 |q 005200016564 |t BK |v τ.2: |y 0 |z τ.2 | ||
| 852 | |a INST |b CHIOS |e 20000331 |h 657.09495 ΣΑΚ |p 005200017860 |q 005200017860 |t BK |v τ.1: |y 0 |z τ.1 | ||
| 852 | |a INST |b LESVOS |e 20010124 |h 657.09495 ΣΑΚ |p 005100029249 |q 005100029249 |t BK |y 0 |z τ.1 | ||
| 852 | |a INST |b LESVOS |e 20010124 |h 657.09495 ΣΑΚ |p 005100029250 |q 005100029250 |t BK |y 0 |z τ.2 | ||
| 852 | |a INST |b LESVOS |e 20010124 |h 657.09495 ΣΑΚ |p 005100029249 |q 005100029249 |t BK |v τ.1: |y 0 |z τ.1 | ||
| 852 | |a INST |b LESVOS |e 20010124 |h 657.09495 ΣΑΚ |p 005100029250 |q 005100029250 |t BK |v τ.2: |y 0 |z τ.2 | ||
| 852 | |a INST |b RHODES |e 20010329 |h 657.09495 ΣΑΚ |p 005400017034 |q 005400017034 |t BK |y 0 |z τ.2 | ||
| 852 | |a INST |b RHODES |e 20010329 |h 657.09495 ΣΑΚ |p 005400017057 |q 005400017057 |t BK |y 0 |z τ.1 | ||
| 852 | |a INST |b RHODES |e 20010329 |h 657.09495 ΣΑΚ |p 005400017034 |q 005400017034 |t BK |v τ.2: |y 0 |z τ.2 | ||
| 852 | |a INST |b RHODES |e 20010329 |h 657.09495 ΣΑΚ |p 005400017057 |q 005400017057 |t BK |v τ.1: |y 0 |z τ.1 | ||
| 852 | |a INST |b SAMOS |e 20030609 |h 657.09495 ΣΑΚ |p 005300024105 |q 005300024105 |t BK |y 0 |z τ.1 | ||
| 852 | |a INST |b SAMOS |e 20030617 |h 657.09495 ΣΑΚ |p 005300024109 |q 005300024109 |t BK |y 0 |z τ.2 | ||
| 852 | |a INST |b SAMOS |e 20030609 |h 657.09495 ΣΑΚ |p 005300024105 |q 005300024105 |t BK |v τ.1: |y 0 |z τ.1 | ||
| 852 | |a INST |b SAMOS |e 20030617 |h 657.09495 ΣΑΚ |p 005300024109 |q 005300024109 |t BK |v τ.2: |y 0 |z τ.2 | ||
| 853 | |a INST |b CHIOS |h 657.09495 ΣΑΚ | ||
| 853 | |a INST |b LESVOS |h 657.09495 ΣΑΚ | ||
| 853 | |a INST |b RHODES |h 657.09495 ΣΑΚ | ||
| 853 | |a INST |b SAMOS |h 657.09495 ΣΑΚ | ||
| 901 | |a BIBL-1998-2 | ||
| 901 | |a BIBL2-2000-1 | ||
| 901 | |a BIBL4-2001-1 | ||
| 909 | |a Σ |b 087891 | ||
| 909 | |a Σ |b 087892 | ||
| 909 | |a Χ |b 054619 | ||
| 909 | |a Χ |b 054620 | ||
| 909 | |a Χ |b 054621 | ||
| 909 | |a Χ |b 054622 | ||
| 909 | |a Χ |b 054623 | ||
| 909 | |a Χ |b 054643 | ||
| 909 | |a Χ |b 075961 | ||
| 909 | |a Λ |b 084696 | ||
| 909 | |a Λ |b 084695 | ||
| 909 | |a Ρ |b 084964 | ||
| 909 | |a Ρ |b 084963 | ||